Aplicación del plan nacional para la detección temprana, el abordaje y seguimiento integral de las embarazadas con infecciones vaginales, infecciones de vías urinarias que consultaron en la UCSFI Acajutla en el año 2020; a desarrollarse en el período comprendido de 01 de enero al 31 de diciembre del 2021, en Santa Ana (Registro nro. 33406)

Detalles MARC
000 -CABECERA
Longitud fija campo de control 01297nam a22002297a 4500
003 - IDENTIFICADOR DELl NÚMERO DE CONTROL
Identificador del número de control OSt
005 - FECHA Y HORA DE LA ÚLTIMA TRANSACCIÓN
Fecha y hora de la última transacción 20221212202508.0
008 - CÓDIGOS DE INFORMACIÓN DE LONGITUD FIJA
Códigos de información de longitud fija 140214b2022 slv spa
040 ## - FUENTE DE LA CATALOGACIÓN
Centro transcriptor BMC
082 ## - NÚMERO DE LA CLASIFICACIÓN DECIMAL DEWEY
Númeroo de clasificación 618.3
100 1# - PUNTO DE ACCESO PRINCIPAL-NOMBRE DE PERSONA
Nombre de persona Mendoza Hernández, Kevin Josue
9 (RLIN) 46657
245 10 - MENCIÓN DE TÍTULO
Título Aplicación del plan nacional para la detección temprana, el abordaje y seguimiento integral de las embarazadas con infecciones vaginales, infecciones de vías urinarias que consultaron en la UCSFI Acajutla en el año 2020; a desarrollarse en el período comprendido de 01 de enero al 31 de diciembre del 2021, en Santa Ana
Resto del título : investigación, informe final
Mención de responsabilidad, etc. Kevin Josue Mendoza Hernández, Veronica Natali Perez Lino, Luis Alberto Serna Molina
260 ## - PUBLICACIÓN, DISTRIBUCIÓN, ETC. (PIE DE IMPRENTA)
Lugar de publicación, distribución, etc. Santa Ana (El Salvador)
Nombre del editor, distribuidor, etc. Universidad Católica de El Salvador
Fecha de publicación, distribución, etc. 2021
300 ## - DESCRIPCIÓN FÍSICA
Extensión 62+[7] h.
Dimensiones 28 cm
Material anejo + 1 disco compacto
500 ## - NOTA GENERAL
Nota general Precede al tít.: Universidad Católica de El Salvador, Facultad de Ciencias de la Salud
502 ## - NOTA DE TESIS
Nota de tesis Para optar al grado académico de: Doctorado en Medicina
650 24 - PUNTO DE ACCESO ADICIONAL DE MATERIA - TÉRMINO DE MATERIA
9 (RLIN) 24143
Término de materia o nombre geográfico como elemento inicial Embarazo
Subdivisión de materia general Complicaciones
700 1# - PUNTO DE ACCESO ADICIONAL - NOMBRE DE PERSONA
Nombre de persona Perez Lino, Veronica Natali
9 (RLIN) 46658
700 1# - PUNTO DE ACCESO ADICIONAL - NOMBRE DE PERSONA
Nombre de persona Serna Molina, Luis Alberto
9 (RLIN) 46659
710 2# - PUNTO DE ACCESO ADICIONAL - NOMBRE DE ENTIDAD
9 (RLIN) 33484
Nombre de entidad o nombre de jurisdicción como elemento inicial Universidad Católica de El Salvador
Unidad subordinada Facultad de Ciencias de la Salud
942 ## - ENTRADA DE ELEMENTOS AGREGADOS (KOHA)
Fuente de clasificaión o esquema Dewey Decimal Classification
Koha [por defecto] tipo de item 4- Trabajo de Graduación
Existencias
Suprimido Perdido Fuente de clasificación o esquema Estropeado Restricciones de uso No para préstamo Código de colección Localización permanente Localización actual Localización en estanter&íacute;as Fecha adquisición Fuente de adquisición Número de inventario Préstamos totales Signatura completa Código de barras Fecha última consulta Fecha último préstamo Fecha del precio de reemplazo Tipo de item de Koha
NULL NULL Dewey Decimal Classification NULL Prestable NULL NULL Biblioteca Centro Regional de Ilobasco Biblioteca Centro Regional de Ilobasco Sala Principal 26/06/2024 Donación - Kevin Josue Mendoza Hernández, Veronica Natali Perez Lino, Luis Alberto Serna Molina 000291   IN-000291 1052178 26/06/2024   26/06/2024 4- Trabajo de Graduación
NULL NULL Dewey Decimal Classification NULL Prestable NULL NULL Biblioteca Miguel de Cervantes - UNICAES Biblioteca Miguel de Cervantes - UNICAES Sala Principal 27/07/2022 Donación - Kevin Josue Mendoza Hernández, Veronica Natali Perez Lino, Luis Alberto Serna Molina 000782 1 I-000782 1049898 01/04/2023 18/03/2023 12/10/2022 4- Trabajo de Graduación